| 000 | 00698cab a2200229 4500 | ||
|---|---|---|---|
| 001 | WB3346-02 | ||
| 008 | 090401t1997 xxu||||| |||| 00| 0 eng d | ||
| 035 | _a(Sirsi) u82374 | ||
| 041 | _aeng | ||
| 245 | _aRisk management can save money | ||
| 260 | _c1997 | ||
| 350 | _a0 | ||
| 490 |
_aContract Journal _v391(6153) 26 November 1997, 3(1) |
||
| 520 | _aA consultant is claiming that using risk management at tender stage can save millions in contractual disputes and delays. | ||
| 650 | _aCONSTRUCTION DISPUTES | ||
| 650 | _aCOSTS | ||
| 650 | _aRISK MANAGEMENT | ||
| 650 | _aTENDER PROCESS | ||
| 690 | _aBUILT ENVIRONMENT-BUILDING CONTRACT FORMS | ||
| 942 | _n0 | ||
| 948 | _c27/11/1997 | ||
| 999 |
_c51995 _d51995 |
||